| 000 | 00378nam a2200121 4500 | ||
|---|---|---|---|
| 999 |
_c12276 _d12276 |
||
| 008 | 190119b ||||| |||| 00| 0 eng d | ||
| 100 |
_934696 _aCrisostomo, Sheila |
||
| 245 |
_aAnti-rabies protocol modified due to vaccine shortage/ _cSheila Crisostomo |
||
| 260 |
_aPhilippines _bThe Philippine Star _cc2018 |
||
| 300 | _apage 2. | ||
| 650 | 0 |
_934697 _aVaccines. |
|
| 942 |
_2ddc _cPER |
||